000 00888nam a22002898i 4500
001 020831867
003 EG-ScBUE
005 20260215094658.0
008 221003s2023 enk f 000 f eng d
020 _a9781529160291
040 _aStDuBDS
_beng
_erda
_cStDuBDS
_dEG-ScBUE
082 0 4 _a813.6
_222
_bPAT
100 1 _aParton, Dolly,
_eauthor.
245 1 0 _aRun Rose run /
_cDolly Parton and James Patterson.
264 1 _aLondon :
_bPenguin Books,
_c2023.
300 _a400 pages ;
_c20 cm
336 _atext
_2rdacontent
_btxt
337 _aunmediated
_2rdamedia
_bn
338 _avolume
_2rdacarrier
_bnc
500 _aOriginally published: London: Century, 2022.
651 0 _aNashville (Tenn.)
_vFiction.
_2BUEsh
653 _cFebruary2026
_bHHUUEENN
655 _vReading book
700 1 _aPatterson, James,
_d1947-
_eauthor.
942 _2ddc
_cBB
999 _c31124
_d31095